000 00919nam a22003017a 4500
003 CHAP
005 20220329143306.0
008 080227d2007 at a r 00110 eng d
010 _a94511
011 _a95483
020 _a1921259647
035 _a106109
040 _cCHAP
082 0 4 _a580.74
_bM8
110 0 _aMurdoch
_eed.
_979732
245 1 4 _aThe garden flower book
_c/ed. by Murdoch books
260 _aMillers Point NSW. Aust.:
_bMurdoch,
_c2007
300 _a447 p. :
_bilus. ; cuadros
590 _aBATCH-UPD
_b10
_c20130110
_lUCH01
_h1755
590 _aBATCH-UPD
_b10
_c20130410
_lUCH01
_h1132
590 _aBATCH-UPD
_b10
_c20130914
_lUCH01
_h1417
590 _aCONVERSION
_b10
_c20130109
_lUCH01
_h1352
650 1 4 _aFlores
_xCatálogos y colecciones.
_941365
650 1 4 _aJardines.
_961147
901 _aBK
942 _cLIBRO
949 _a580.74 M8
_bBC
_cC
_d33724002051149
_eC
_h109231
_i106109
_sb
_t$ 440.00
999 _c94511
_d94511